| 000 | 00702 a2200229 4500 | ||
|---|---|---|---|
| 005 | 20260107152842.0 | ||
| 008 | 260107b |||||||| |||| 00| 0 eng d | ||
| 020 | _a978-1-4985-9125-6 (hbk) | ||
| 037 | _cTB | ||
| 040 |
_aCRL _cCRL |
||
| 041 |
_2eng _aeng |
||
| 084 |
_aV467 R4 _qCRL |
||
| 100 |
_aDilsa Deniz _9821402 |
||
| 245 | _aShamaran: the neolithic eternal mother, love and the kurds | ||
| 260 |
_aLanham, Maryland: _bLexinton books, _c2024. |
||
| 300 | _a299p. | ||
| 365 |
_b96.00 _c£ |
||
| 650 |
_aHistory _9862758 |
||
| 650 |
_aKurds _9862759 |
||
| 942 |
_cTB _2CC _n0 _hV467 R4 |
||
| 999 |
_c1435484 _d1435484 |
||